| 000 | 00373cam a2200145ua 4500 | ||
|---|---|---|---|
| 041 |
_aeng _h |
||
| 082 |
_a575 _bHUX/EV |
||
| 100 | _aHuxley, Julian . | ||
| 245 |
_aEvolution: The modern synthesis / _cJulian Huxley. _hTextual Documents |
||
| 260 |
_aLondon : _bGeorge Allen & Unwin Ltd , _c1963. |
||
| 300 | _a652 ; . | ||
| 504 | _a | ||
| 942 | _cBK | ||
| 999 |
_c12894 _d12894 |
||